| 000 | 00717nam a2200193 i 4500 | ||
|---|---|---|---|
| 001 | 103745 | ||
| 003 | ES-MaACL | ||
| 005 | 20250902003048.0 | ||
| 007 | t| | ||
| 008 | 051117s1924 sp ||||1| spa d | ||
| 100 | 1 |
_aMeruéndano y Fermoso, Javier. _980621 |
|
| 245 | 1 | 3 |
_aEl petróleo en Rumania / _cJavier Meruéndano y Fermoso. |
| 260 |
_aMadrid : _b[s.n.], _c1924 ( _fImp. del Ministerio de Estado) |
||
| 300 |
_a72 p., 3 gráf. ; _c23 cm. |
||
| 490 | 1 |
_aConsejo de la economía nacional sección de información comercial ; _v97 |
|
| 830 | 0 | 0 |
_aConsejo de Economía Nacional. _pSección de información comercial _v97 _9229722 |
| 852 |
_aES-MaACL _j1674-F-14 _bR.4643 |
||
| 999 |
_c103745 _d103745 |
||